[Event "NSV Open-ch Rapid 2019"]
[Site "Lueneburg"]
[Date "2019.08.04"]
[Round "6.6"]
[White "Bach, Matthias"]
[Black "Stork, Oliver"]
[Result "0-1"]
[WhiteElo "2241"]
[BlackElo "2322"]
[Annotator "TA"]
[PlyCount "94"]
[EventDate "2019.08.03"]
[EventType "swiss"]
[EventCountry "GER"]
[SourceTitle "playchess.com"]
[Source "ChessBase"]
[SourceQuality "1"]

{[%evp 13,94,13,33,33,39,-63,-57,-61,-60,-77,-56,-84,-93,-106,-103,-98,-87,-108,-106,-110,-94,-127,-106,-92,-90,-75,-75,-176,-108,-114,-122,-256,-268,-335,-291,-383,-354,-446,-448,-422,-447,-447,-451,-790,-816,-812,-816,-816,-816,-808,-799,-787,-775,-1025,-1023,-995,-967,-892,-1068,-1072,-945,-1375,-1331,-1335,-1202,-3202,-4714,-4710,-4710,-29980,-29983,-29983,-29979,-29987,-29988,-29988,-29985,-29990,-29991,-29994,-29992,-29992,-29993]} 1. d4 d5 2. c4 e6 3. Nc3 Nf6 4. Nf3 Be7 5. g3 O-O 6. Bg2 c6 7. O-O b6 {[%cal Bb7b6,Bb6b5][%mdl 32]} 8. Nd2 {E06: Closed Catalan: Early deviations} Ba6 9. Re1 $146 (9. b3 $1 $14) ({Predecessor:} 9. b3 b5 10. Bb2 bxc4 11. bxc4 Nbd7 12. Qa4 Qc8 13. cxd5 cxd5 14. Rfc1 Nb6 15. Qa5 Nc4 16. Nxc4 Bxc4 {½-½ (52) Gozzoli,Y (2586)-Meier,G (2630) chess.com INT 2017}) 9... dxc4 $15 10. Nf3 {Black is slightly better.} Nbd7 11. e4 b5 12. e5 Nd5 13. Ne4 c5 14. Bg5 Bxg5 15. Nexg5 h6 16. Ne4 Qb6 17. Nd6 cxd4 18. Qxd4 Rfd8 {Threatens to win with ...Nxe5!} 19. Qxb6 axb6 20. Ne4 (20. b3 $17) 20... Nc5 ({Black should play} 20... Nb4 $19 21. Re2 Nd3) 21. Nxc5 $17 bxc5 22. a3 (22. Nd2 $17 {is the only way for White.}) 22... Nb6 $19 23. Rac1 Na4 24. Rc2 Bb7 25. Nd2 Bxg2 26. Kxg2 {[#]} Nxb2 $1 {[%mdl 576] Discovered Attack, Remove Defender, Deflection} 27. Rxb2 {Black must now prevent Ne4.} c3 {[%mdl 64] Double Attack} 28. Rxb5 (28. Rc2 $142 cxd2 29. Rd1) 28... cxd2 {[%mdl 4096] Endgame KRR-KRR} 29. Rd1 c4 {[%cal Bc5c4,Bc4c3][%mdl 32]} 30. Rc5 Rd4 31. Kf1 Rxa3 32. Ke2 c3 33. f4 Kh7 34. Rc7 Kg6 35. Kf2 Kf5 36. Ke2 Ke4 37. Rc6 g5 38. fxg5 hxg5 39. h4 gxh4 40. gxh4 Kxe5 41. h5 Rh4 {Black mates.} 42. Kd3 Kd5 43. Rb6 Rh3+ 44. Ke2 Kc4 45. Rdb1 Rh2+ 46. Kd1 Rh1+ 47. Ke2 Rxb1 {Accuracy: White = 22%, Black = 88%.} 0-1

[Event "NSV Open-ch Rapid 2019"]
[Site "Lueneburg"]
[Date "2019.08.04"]
[Round "6.7"]
[White "Ertan, Can"]
[Black "von Estorff, Jacob"]
[Result "1-0"]
[WhiteElo "2396"]
[BlackElo "2055"]
[Annotator "TA"]
[PlyCount "53"]
[EventDate "2019.08.03"]
[EventType "swiss"]
[EventCountry "GER"]
[SourceTitle "playchess.com"]
[Source "ChessBase"]
[SourceQuality "1"]

{[%evp 16,67,36,0,12,-28,-23,-33,-37,-25,-36,-78,-18,-16,23,38,91,87,156,161,147,140,188,196,326,269,413,411,435,436,525,525,536,528,816,846,1214,1171,1535,876,863,875,865,854,824,671,29985,29986,29985,840,29986,29987,29986,501]} 1. e4 c5 2. Nf3 Nc6 3. d4 cxd4 4. Nxd4 g6 5. c4 Bg7 6. Nb3 Nf6 7. Nc3 O-O 8. Be2 d6 9. O-O Be6 {A35: Symmetrical English: 2 Nc3 Nc6 3 Nf3} 10. f4 Na5 11. Nxa5 Qxa5 {Black is slightly better.} 12. Be3 Rac8 13. Nd5 Bxd5 $146 (13... Rfe8 $17 14. Qd3 b5) ({Predecessor:} 13... Nxd5 14. cxd5 Bd7 15. Qb3 Rc7 16. Rac1 Rfc8 17. Rxc7 Rxc7 {0-1 (26) Hoen,L-Vuckovic,A (2320) Boeblingen 1998}) 14. exd5 $11 a6 15. a3 b5 (15... Qc7 $14) 16. b4 $36 {[%mdl 2048] White is on the roll.} Qc7 (16... Qd8 $142) 17. cxb5 axb5 18. Bxb5 Ne4 {[#] aiming for ...Nc3.} 19. Rc1 Qb8 (19... Nc3 $142) 20. Qd3 f5 (20... Rc3 $142 21. Rxc3 (21. Qxe4 Qxb5 22. Rxc3 Bxc3 $14) 21... Bxc3) 21. Bc6 $18 Bf6 22. Rc4 Kg7 23. a4 e6 24. dxe6 Rxc6 25. Rxc6 Qxb4 26. Rc7+ Kh6 27. Ba7 {Played: Be3-c5} 1-0

[Event "NSV Open-ch Rapid 2019"]
[Site "Lueneburg"]
[Date "2019.08.04"]
[Round "6.8"]
[White "Daemmig, Matthias"]
[Black "Ramme, Christoph"]
[Result "1/2-1/2"]
[WhiteElo "2059"]
[BlackElo "2154"]
[Annotator "TA"]
[PlyCount "83"]
[EventDate "2019.08.03"]
[EventType "swiss"]
[EventCountry "GER"]
[SourceTitle "playchess.com"]
[Source "ChessBase"]
[SourceQuality "1"]

{[%evp 16,83,-4,0,18,8,43,17,60,63,75,41,85,83,93,93,91,79,83,40,38,33,36,37,83,29,30,-26,-36,-22,-19,-173,-102,-94,-95,-95,-104,-137,-141,-146,-150,-181,-161,-160,-21,-21,-21,-21,414,-31,-31,-31,516,515,29967,0,0,0,0,0,0,0,0,0,0,0,0,0,0,-8]} 1. d4 Nf6 2. Nc3 d5 3. Bg5 e6 4. e4 dxe4 5. Nxe4 Nbd7 6. Nf3 Be7 7. Bxf6 Nxf6 8. Bd3 O-O 9. Qe2 Qd5 {C13: French: Classical System: 4 Bg5 Be7, Alekhine-Chatard Attack} (9... Nd5 10. O-O-O Nf4 11. Qd2 Nxd3+ 12. Qxd3 b6 13. h4 h6 14. Kb1 Bb7 15. c4 f5 16. Nc3 Bf6 17. Rhe1 Bxh4 18. Rxe6 Bxf2 {0-1 (36) Csonka,A (2355)-Jakab,A (2368) Ajka 2018}) 10. O-O Rb8 11. c3 $146 ({Predecessor:} 11. c4 Qh5 12. Ng3 Qa5 13. a3 c5 14. b4 cxb4 15. axb4 Qxb4 16. Rfb1 Qd6 17. Rxa7 Qc7 18. Ne4 Nd7 19. c5 e5 20. Nc3 f6 21. Nd5 Qd8 22. c6 bxc6 23. Nxe7+ {1-0 (23) Steinmetzer,T (2015)-Salewski,B (2059) Germany 2008}) 11... Bd7 12. Ne5 Bc6 13. f3 Nh5 14. Bc4 Qd8 15. Nxc6 bxc6 16. f4 Nf6 17. Bd3 g6 18. b4 Nd5 {And now ...Nxc3! would win.} 19. Rac1 Ra8 20. a3 ({White should play} 20. Ba6 $1 $16) 20... a5 $11 21. g4 (21. Qb2 $142) 21... axb4 22. axb4 Ra3 {Threatens to win with ...Nxc3!} 23. f5 $2 (23. Bc4 $11 {and White stays safe.}) 23... Nxc3 (23... exf5 $1 $19 24. gxf5 Nxc3 $1 {[%mdl 576] Remove Defender, Decoy} 25. Rxc3 Rxc3 26. Nxc3 Qxd4+ {[%mdl 64] Double Attack} 27. Kh1 Qxc3) 24. Nxc3 {d5 is the strong threat.} Rxc3 25. Rxc3 Qxd4+ {[%mdl 64] Double Attack} 26. Kg2 Qxc3 27. fxe6 f6 28. b5 cxb5 29. Bxb5 Qe5 (29... Rb8 $17 {White must now prevent ...Qc5.} 30. Rd1 c6) 30. Qxe5 fxe5 {[%mdl 4096] Endgame KRB-KRB} 31. Rd1 Bd6 $2 {[%mdl 8192] [#]} (31... Rf4 $11) 32. Bc4 $2 (32. Rxd6 $1 $18 {[%mdl 512]} cxd6 33. e7) 32... Kg7 $15 33. g5 Rf4 $2 {[%mdl 8192] [#]} (33... e4 $15 {stays ahead.}) 34. Rxd6 $1 $18 {[%mdl 512]} Rxc4 {[#] KR-KR} (34... cxd6 $18 35. e7 Rf8) 35. Rd7+ $2 (35. Rd8 $1 {mates} Rc2+ 36. Kg3 Rc3+ 37. Kg2 Rc6 38. e7 Re6 39. e8=Q Rxe8 40. Rxe8) 35... Kf8 $11 {The position is equal.} 36. Rxh7 Rg4+ 37. Kf3 Rxg5 38. Rxc7 Rh5 39. Ke4 Rxh2 40. e7+ Ke8 41. Kd5 {Threatening mate with Ke6.} Kf7 42. Kxe5 {Accuracy: White = 41%, Black = 29%.} 1/2-1/2

[Event "NSV Open-ch Rapid 2019"]
[Site "Lueneburg"]
[Date "2019.08.04"]
[Round "6.9"]
[White "Reuker, Jari"]
[Black "Lai Hop, Long"]
[Result "1-0"]
[WhiteElo "2403"]
[BlackElo "1817"]
[Annotator "TA"]
[PlyCount "113"]
[EventDate "2019.08.03"]
[EventType "swiss"]
[EventCountry "GER"]
[SourceTitle "playchess.com"]
[Source "ChessBase"]
[SourceQuality "1"]

{[%evp 9,113,12,4,0,22,21,26,26,26,26,27,27,26,29,36,32,31,8,16,20,45,45,91,59,64,64,143,143,151,162,160,175,155,158,194,203,268,255,260,251,264,268,258,258,251,192,293,301,356,343,418,418,408,400,422,425,387,341,427,424,423,410,400,408,404,388,435,427,425,419,1500,1395,1136,1150,29960,29958,29963,29965,29964,29966,29967,29962,29972,29973,29970,29970,29985,29986,29986,29987,29988,29988,29988,29989,29990,29988,29989,29990,29990,29990,29990,29991,29995,29994,29996,4914]} 1. Nf3 d5 2. c4 c6 3. g3 Bg4 4. Bg2 e6 5. O-O Nf6 6. h3 {A11: English Opening: 1...c6} Bh5 7. d4 Bd6 8. Qb3 $146 {[#] Hoping for c5.White has an edge.} ({Predecessor:} 8. Nc3 O-O 9. Qb3 Bxf3 10. Bxf3 b6 11. e4 dxe4 12. Nxe4 Nxe4 13. Bxe4 Qc7 {1-0 (38) Eljanov,P (2706)-Mamedjarova,T (2296) Biel 2018}) 8... Qb6 9. c5 Qxb3 10. axb3 Be7 11. b4 a6 12. Nc3 Nbd7 13. Bf4 O-O 14. Nd2 Rfe8 15. Nb3 $36 {[%mdl 2048] White is more active.} Bd8 16. Na5 Bxa5 17. bxa5 e5 (17... Bg6 $14) 18. dxe5 $16 d4 19. Na4 Nxe5 20. Bxe5 Rxe5 {[#]} 21. g4 $1 Bxg4 22. hxg4 Nxg4 23. Rad1 Nf6 24. Bf3 Rd8 25. Rd3 Ne4 26. Bxe4 Rxe4 27. Re1 f5 (27... Rd5 $142 28. f3 Rg5+ 29. Kf2 Rh4) 28. Nb6 $18 f4 29. Kg2 g5 30. Nc4 Rd5 31. b4 Kg7 32. Kf3 Re7 33. Nd6 Kg6 34. Red1 Rde5 35. R1d2 h5 36. Rxd4 R5e6 37. Nc4 Rf7 38. Rd6 g4+ 39. Kg2 Rxd6 (39... Rfe7 $142 40. f3 Kf6 41. Rxe6+ Rxe6) 40. cxd6 {[%mdl 4096] Endgame Ne5+ would kill now. KRN-KR} Rf8 41. Ne5+ Kg5 42. d7 {White mates.} Kf5 43. d8=Q Rxd8 44. Rxd8 Kxe5 {KR-KP} 45. Rd7 h4 46. Rxb7 h3+ 47. Kh2 Kf5 48. Rc7 Kg5 49. Rxc6 Kh4 50. Rh6+ Kg5 51. Rxa6 {KR-K3P} Kh4 52. Rh6+ Kg5 53. Rc6 Kh4 54. Rc3 g3+ 55. fxg3+ fxg3+ 56. Rxg3 Kh5 57. Kxh3 {Accuracy: White = 92%, Black = 31%.} (57. a6 $142 Kh4 58. a7 Kh5 59. a8=Q Kh6 60. Qh8#) 1-0

[Event "NSV Open-ch Rapid 2019"]
[Site "Lueneburg"]
[Date "2019.08.04"]
[Round "6.10"]
[White "Aarav Dengla"]
[Black "Chennaoui, Yasin"]
[Result "1/2-1/2"]
[WhiteElo "2051"]
[BlackElo "2092"]
[Annotator "NA RC"]
[PlyCount "112"]
[EventDate "2019.08.03"]
[EventType "swiss"]
[EventCountry "GER"]
[SourceTitle "playchess.com"]
[Source "ChessBase"]
[SourceQuality "1"]
[TimeControl "600+5"]

1. e4 {[%emt 0:00:00]} c5 {[%emt 0:00:00]} 2. c3 {[%emt 0:00:00]} d5 {[%emt 0:00:00]} 3. exd5 {[%emt 0:00:00]} Qxd5 {[%emt 0:00:01]} 4. d4 {[%emt 0:00:00]} Nc6 {[%emt 0:00:01]} 5. Nf3 {[%emt 0:00:00]} Nf6 {[%emt 0:00:02]} 6. Na3 {[%emt 0:00:07]} cxd4 {[%emt 0:00:02]} 7. Nb5 {[%emt 0:00:01]} Qd8 {[%emt 0:00:38]} 8. Nbxd4 {[%emt 0:00:02]} Nxd4 {[%emt 0:00:29]} 9. Nxd4 {[%emt 0:00:02]} e6 {[%emt 0:00:10]} 10. Bb5+ {[%emt 0:00:10]} Bd7 {[%emt 0:00:02]} 11. O-O {[%emt 0:00:02]} Bc5 {[%emt 0:00:16]} 12. Bxd7+ {[%emt 0:00:14]} Qxd7 {[%emt 0:00:01]} 13. Nb3 {[%emt 0:00:00]} Bb6 {[%emt 0:00:08]} 14. Qxd7+ {[%emt 0:00:15]} Kxd7 {[%emt 0:00:03]} 15. Bf4 {[%emt 0:00:06]} Rhd8 {[%emt 0:00:08]} 16. Rad1+ {[%emt 0:00:02]} Ke7 {[%emt 0:00:01]} 17. Nd2 {[%emt 0:00:12]} Nd5 {[%emt 0:00:16]} 18. Bg3 {[%emt 0:00:01]} Bc7 {[%emt 0:00:01]} 19. Bxc7 {[%emt 0:00:04]} Nxc7 {[%emt 0:00:02]} 20. Nc4 {[%emt 0:00:06]} Rxd1 {[%emt 0:00:21]} 21. Rxd1 {[%emt 0:00:03]} Rd8 {[%emt 0:00:01]} 22. Rxd8 {[%emt 0:00:03]} Kxd8 {[%emt 0:00:01]} 23. Nd6 {[%emt 0:00:02]} b5 {[%emt 0:00:54]} 24. Nxf7+ {[%emt 0:00:04]} Ke7 {[%emt 0:00:06]} 25. Ne5 {[%emt 0:00:06]} Kd6 {[%emt 0:00:02]} 26. Nf7+ {[%emt 0:00:08]} Ke7 {[%emt 0:00:01]} 27. Ne5 {[%emt 0:00:02]} Kd6 {[%emt 0:00:01]} 28. Nd3 {[%emt 0:00:11]} Kd5 {[%emt 0:00:20]} 29. b3 {[%emt 0:00:01]} Ke4 {[%emt 0:00:08]} 30. Nc5+ {[%emt 0:00:14]} Kd5 {[%emt 0:00:00]} 31. Nd3 {[%emt 0:00:03]} Ke4 {[%emt 0:00:01]} 32. Nb2 {[%emt 0:00:11]} Nd5 {[%emt 0:00:39]} 33. c4 {[%emt 0:00:08]} Nc3 {[%emt 0:00:26]} 34. Kf1 {[%emt 0:01:34]} Nxa2 {[%emt 0:00:07]} 35. cxb5 {[%emt 0:00:09]} Nc1 {[%emt 0:00:06]} 36. Nc4 {[%emt 0:00:07]} Nxb3 {[%emt 0:00:03]} 37. b6 {[%emt 0:00:02]} axb6 {[%emt 0:00:04]} 38. Nxb6 {[%emt 0:00:02]} Nc1 {[%emt 0:00:22]} 39. Nd7 {[%emt 0:00:06]} Kf5 {[%emt 0:00:04]} 40. Ke1 {[%emt 0:00:13]} h5 {[%emt 0:00:13]} 41. Kd2 {[%emt 0:00:10]} Nb3+ {[%emt 0:00:03]} 42. Ke3 {[%emt 0:00:09]} Na5 {[%emt 0:00:08]} 43. Kd3 {[%emt 0:00:20]} Nc6 {[%emt 0:00:04]} 44. f3 {[%emt 0:00:04]} g5 {[%emt 0:00:16]} 45. Ke3 {[%emt 0:00:07]} Ne7 {[%emt 0:00:13]} 46. g3 {[%emt 0:00:17]} e5 {[%emt 0:00:49]} 47. g4+ {[%emt 0:00:07]} hxg4 {[%emt 0:00:39]} 48. fxg4+ {[%emt 0:00:02]} Kxg4 {[%emt 0:00:02]} 49. Nxe5+ {[%emt 0:00:03]} Kh3 {[%emt 0:00:16]} 50. Nf3 {[%emt 0:00:10]} Nf5+ {[%emt 0:00:34]} 51. Ke4 {[%emt 0:00:11]} g4 {[%emt 0:00:01]} 52. Ne5 {[%emt 0:00:04]} Nd6+ {[%emt 0:00:10]} 53. Kf4 {[%emt 0:00:05]} Nc8 {[%emt 0:01:36]} 54. Nd3 {[%emt 0:00:18]} Ne7 {[%emt 0:00:11]} 55. Nf2+ {[%emt 0:00:03]} Kxh2 {[%emt 0:00:16]} 56. Kxg4 {[%emt 0:00:00]} Nf5 {[%emt 0:00:04]} 1/2-1/2

[Event "NSV Open-ch Rapid 2019"]
[Site "Lueneburg"]
[Date "2019.08.04"]
[Round "6.11"]
[White "Bargsten, Justus"]
[Black "Fischer, Thomas"]
[Result "1/2-1/2"]
[WhiteElo "1946"]
[BlackElo "2106"]
[Annotator "TA"]
[PlyCount "90"]
[EventDate "2019.08.03"]
[EventType "swiss"]
[EventCountry "GER"]
[SourceTitle "playchess.com"]
[Source "ChessBase"]
[SourceQuality "1"]

{[%evp 36,90,15,2,47,60,71,45,56,0,54,54,84,71,121,115,116,74,77,0,0,1,191,191,240,166,163,150,158,166,166,175,151,0,79,0,0,0,0,0,0,-214,-222,-468,-145,-141,-141,-146,-142,-148,-8,-8,-8,-8,-8,-8,-8]} 1. e4 c5 2. Nf3 Nc6 3. d4 cxd4 4. Nxd4 Nf6 5. Nc3 e5 6. Ndb5 d6 7. Bg5 a6 8. Na3 b5 9. Bxf6 gxf6 10. Nd5 Bg7 11. c3 O-O 12. Nc2 f5 13. exf5 Bxf5 14. Nce3 Be6 15. Bd3 f5 16. Qh5 e4 17. Bc2 Ne7 18. Nf4 Bf7 19. Bb3 Bxb3 {B33: Sicilian: Pelikan and Sveshnikov Variations} (19... d5 20. Qg5 Ng6 21. Qxd8 Raxd8 22. Nexd5 Nxf4 23. Nxf4 b4 24. Ne6 Bxe6 25. Bxe6+ {½-½ (25) Anand,V (2769)-Kramnik,V (2758) Frankfurt 2000}) 20. axb3 Qd7 21. b4 $146 ({Predecessor:} 21. O-O Be5 22. Ned5 Nxd5 23. Nxd5 Qb7 24. Rad1 Rf7 25. f4 exf3 26. Rxf3 Raf8 27. Ne3 {1-0 (43) Marjanovic,S (2464)-Nenezic,M (2393) Kragujevac 2013}) 21... Be5 {White is slightly better.} 22. Nfd5 (22. Ned5 $14) 22... Nxd5 ({Black should try} 22... f4 $1 $11 23. Qg5+ Ng6) 23. Nxd5 $14 Qg7 24. O-O Rae8 25. f4 $36 {[%mdl 2048] White is really pushing.} ({Stronger than} 25. Rxa6 Qb7 $17) 25... exf3 26. Rxf3 Re6 27. Rxf5 (27. Rh3 $16) 27... Rxf5 28. Qxf5 Qa7+ $2 (28... Bxh2+ $1 $11 29. Kf1 (29. Kxh2 Rh6+ 30. Kg1 Qa7+ 31. Kf1 Rh1+ 32. Ke2 Rxa1 $11) 29... Qh6) 29. Kh1 $18 Rh6 {[%csl Ge5][%cal Rh6h2]} 30. Qg5+ Qg7 31. Qxg7+ Kxg7 {[%mdl 4096] Endgame KRB-KRN} 32. h3 Bg3 {[#]} 33. Ne3 $1 {[%cal Re3f5] Threatens to win with Nf5+.} Rf6 34. Rf1 $2 (34. Rxa6 $16 Kf7 35. Ra1) 34... Rxf1+ $11 35. Nxf1 {KB-KN} Bf4 $1 36. Kg1 Bc1 37. Ng3 Bxb2 38. Nf5+ $2 (38. Ne2 $11 {and White stays safe.}) 38... Kg6 $19 39. Ne7+ $2 (39. Ne3) 39... Kf7 $2 (39... Kf6 $19 40. Nc6 Ke6) 40. Nd5 $17 Ke6 41. Nc7+ Ke5 42. Nxa6 {[#]} Bxc3 ({Better is} 42... Kd5 $1 $17 {[%cal Rd5c6] Hoping for ...Kc6.} 43. Nc7+ Kc6) 43. Nc7 $1 $11 {The position is equal.} Bxb4 {aiming for ...Bc5+.} 44. Nxb5 Bc5+ 45. Kf1 Kf4 {Accuracy: White = 53%, Black = 39%.} 1/2-1/2

[Event "NSV Open-ch Rapid 2019"]
[Site "Lueneburg"]
[Date "2019.08.04"]
[Round "6.12"]
[White "Schulz, Daniel"]
[Black "Reimers, Achim"]
[Result "1-0"]
[WhiteElo "2071"]
[BlackElo "1975"]
[Annotator "NA RC"]
[PlyCount "58"]
[EventDate "2019.08.03"]
[EventType "swiss"]
[EventCountry "GER"]
[SourceTitle "playchess.com"]
[Source "ChessBase"]
[SourceQuality "1"]
[TimeControl "600+5"]

1. d4 {[%emt 0:00:00]} d5 {[%emt 0:10:05]} 2. c4 {[%emt 0:10:10]} c6 {[%emt 0:00:00]} 3. Nf3 {[%emt 0:00:00]} e6 {[%emt 0:00:00]} 4. g3 {[%emt 0:00:00]} f5 {[%emt 0:00:00]} 5. Bg2 {[%emt 0:00:00]} Nf6 {[%emt 0:00:00]} 6. O-O {[%emt 0:00:00]} Bd6 {[%emt 0:00:00]} 7. Nc3 {[%emt 0:00:00]} O-O {[%emt 0:00:00]} 8. Qc2 {[%emt 0:00:00]} Nbd7 {[%emt 0:00:00]} 9. cxd5 {[%emt 0:00:00]} cxd5 {[%emt 0:00:00]} 10. Nb5 {[%emt 0:00:00]} Bb8 {[%emt 0:00:00]} 11. Bf4 {[%emt 0:00:00]} a6 {[%emt 0:00:00]} 12. Nc7 {[%emt 0:00:00]} Bxc7 {[%emt 0:00:00]} 13. Qxc7 {[%emt 0:00:00]} Qxc7 {[%emt 0:00:00]} 14. Bxc7 {[%emt 0:00:00]} Ne4 {[%emt 0:00:00]} 15. Rac1 {[%emt 0:00:00]} Ndf6 {[%emt 0:00:00]} 16. Bf4 {[%emt 0:00:00]} h6 {[%emt 0:00:00]} 17. Rc7 {[%emt 0:00:00]} Rf7 {[%emt 0:00:00]} 18. Rxf7 {[%emt 0:00:00]} Kxf7 {[%emt 0:00:00]} 19. Ne5+ {[%emt 0:00:00]} Ke8 {[%emt 0:00:00]} 20. Rc1 {[%emt 0:00:00]} Nd7 {[%emt 0:00:00]} 21. Rc7 {[%emt 0:00:00]} Nef6 {[%emt 0:00:00]} 22. h4 {[%emt 0:00:00]} Kd8 {[%emt 0:00:00]} 23. Nf7+ {[%emt 0:00:00]} Ke8 {[%emt 0:00:00]} 24. Nd6+ {[%emt 0:00:00]} Kd8 {[%emt 0:00:00]} 25. Nxb7+ {[%emt 0:00:00]} Bxb7 {[%emt 0:00:00]} 26. Rxb7 {[%emt 0:00:00]} Rc8 {[%emt 0:00:00]} 27. Bf3 {[%emt 0:00:00]} Rc6 {[%emt 0:00:07]} 28. Kg2 {[%emt 0:00:00]} Rb6 {[%emt 0:00:23]} 29. Bc7+ {[%emt 0:00:00]} Ke8 {[%emt 0:01:50]} 1-0

[Event "NSV Open-ch Rapid 2019"]
[Site "Lueneburg"]
[Date "2019.08.04"]
[Round "6.13"]
[White "Joppien, Arne"]
[Black "Colbow, Collin"]
[Result "0-1"]
[WhiteElo "1940"]
[BlackElo "2167"]
[Annotator "TA"]
[PlyCount "54"]
[EventDate "2019.08.03"]
[EventType "swiss"]
[EventCountry "GER"]
[SourceTitle "playchess.com"]
[Source "ChessBase"]
[SourceQuality "1"]

{[%evp 15,60,31,39,0,73,22,22,25,39,16,17,16,26,-21,81,17,89,91,117,22,27,26,31,1,0,0,0,-49,-50,-63,-13,-22,0,-36,0,0,0,-36,-27,-132,-94,-148,-155,-495,-513,-496,-505]} 1. d4 Nf6 2. c4 e6 3. Nf3 Bb4+ 4. Bd2 c5 5. Bxb4 cxb4 6. g3 O-O 7. Bg2 d6 8. O-O Nc6 9. d5 {E11: Bogo-Indian} Na5 (9... exd5 $11 10. cxd5 Ne7) 10. Qd3 (10. b3 $16) 10... e5 $11 {[#] Hoping for ...e4.} 11. e4 $146 {The position is equal.} ({Predecessor:} 11. Nfd2 b5 12. cxb5 Nb7 13. Nb3 Bd7 14. N1d2 Qb6 15. Nc4 Qxb5 {1-0 (56) Miton,K (2603)-Naiditsch,A (2706) Poznan 2014}) 11... b6 12. Nbd2 Nb7 13. a3 Nc5 14. Qc2 bxa3 {[#]} (14... b3 $1 $11 15. Nxb3 Nxb3 16. Qxb3 Nxe4) 15. Rxa3 (15. b4 $1 $16 {[%cal Rb4c5]} Ncd7 16. Rxa3) 15... Bg4 (15... a5 $11 {remains equal.}) 16. b4 $16 Nb7 17. Qd3 (17. Rfa1 $16) 17... a5 18. Rfa1 Rc8 19. bxa5 bxa5 20. Qe3 Nd7 21. Ne1 (21. h3 $5 {[%cal Rh3g4]} Bh5 22. h4 $11) 21... Ndc5 22. f4 exf4 23. gxf4 Re8 24. Qg3 Bd7 25. e5 a4 {[%cal Ba5a4,Ba4b3][%mdl 32]} 26. Kh1 Na5 $36 {[%mdl 2048] And now ...Nab3 would win. Black is pushing.} 27. Re3 (27. Nef3 $11 {keeps the balance.}) 27... Ncb3 {Played: Na5-b3} 0-1

[Event "NSV Open-ch Rapid 2019"]
[Site "Lueneburg"]
[Date "2019.08.04"]
[Round "6.14"]
[White "Rothenberg, Jannik"]
[Black "Rothenberg, Nina"]
[Result "1-0"]
[WhiteElo "1859"]
[BlackElo "1768"]
[Annotator "NA RC"]
[PlyCount "57"]
[EventDate "2019.08.03"]
[EventType "swiss"]
[EventCountry "GER"]
[SourceTitle "playchess.com"]
[Source "ChessBase"]
[SourceQuality "1"]
[TimeControl "600+5"]

1. d4 {[%emt 0:00:00]} e6 {[%emt 0:00:00]} 2. c4 {[%emt 0:00:00]} Nf6 {[%emt 0:00:00]} 3. Nf3 {[%emt 0:00:02]} d5 {[%emt 0:00:00]} 4. Nc3 {[%emt 0:00:06]} Be7 {[%emt 0:00:00]} 5. Bg5 {[%emt 0:00:06]} O-O {[%emt 0:00:05]} 6. e3 {[%emt 0:00:04]} h6 {[%emt 0:00:09]} 7. Bh4 {[%emt 0:00:01]} b6 {[%emt 0:00:01]} 8. cxd5 {[%emt 0:00:01]} exd5 {[%emt 0:00:01]} 9. Be2 {[%emt 0:00:16]} Bb7 {[%emt 0:00:02]} 10. O-O {[%emt 0:00:05]} c5 {[%emt 0:00:19]} 11. dxc5 {[%emt 0:00:17]} bxc5 {[%emt 0:00:01]} 12. Qb3 {[%emt 0:00:09]} Qc7 {[%emt 0:01:28]} 13. Bxf6 {[%emt 0:00:55]} Bxf6 {[%emt 0:00:04]} 14. Nxd5 {[%emt 0:00:11]} Bxd5 {[%emt 0:00:01]} 15. Qxd5 {[%emt 0:00:03]} Bxb2 {[%emt 0:00:02]} 16. Rab1 {[%emt 0:00:10]} Nc6 {[%emt 0:00:40]} 17. Rxb2 {[%emt 0:00:11]} Nb4 {[%emt 0:00:03]} 18. Qc4 {[%emt 0:00:07]} Qa5 {[%emt 0:00:11]} 19. h3 {[%emt 0:00:39]} Rfd8 {[%emt 0:00:03]} 20. Rc1 {[%emt 0:00:04]} Rac8 {[%emt 0:00:01]} 21. Ne5 {[%emt 0:00:15]} Qc7 {[%emt 0:00:24]} 22. Rxb4 {[%emt 0:00:47]} Qxe5 {[%emt 0:00:01]} 23. Rb7 {[%emt 0:00:04]} Qf6 {[%emt 0:00:07]} 24. Rxa7 {[%emt 0:00:15]} Rd2 {[%emt 0:00:02]} 25. Bf3 {[%emt 0:00:19]} Rb8 {[%emt 0:00:05]} 26. Qxc5 {[%emt 0:00:23]} Rbb2 {[%emt 0:00:02]} 27. Rf1 {[%emt 0:00:21]} Rbc2 {[%emt 0:00:07]} 28. Ra8+ {[%emt 0:00:09]} Kh7 {[%emt 0:00:02]} 29. Be4+ {[%emt 0:00:03]} 1-0